Nuevo Humanismo: revista /
Kaydedildi:
| Müşterek Yazar: | |
|---|---|
| Materyal Türü: | Kitap |
| Dil: | Spanish |
| Baskı/Yayın Bilgisi: |
Heredia, Costa Rica:
Editorial Fundación UNA,
1997
|
| Etiketler: |
Etiketle
Etiket eklenmemiş, İlk siz ekleyin!
|
MARC
| LEADER | 00000nam a22000007a 4500 | ||
|---|---|---|---|
| 003 | cru CIDCACS/IIS | ||
| 005 | 20191212160205.0 | ||
| 007 | ta | ||
| 008 | 191212s1997 cr |||||r||||||0| ||spa|d | ||
| 999 | |c 42772 |d 42772 | ||
| 022 | |a 14050234 | ||
| 040 | |c cru CIDCACS/IIS | ||
| 090 | |a 05.03.01 C397n | ||
| 110 | 1 | |9 840 |a Universidad Nacional de Costa Rica | |
| 245 | 1 | |a Nuevo Humanismo: |b revista / |c Universidad Nacional Costa Rica | |
| 260 | |a Heredia, Costa Rica: |b Editorial Fundación UNA, |c 1997 | ||
| 300 | |a 130 páginas | ||
| 500 | |a Revista segunda época, n° 5, 1997 | ||
| 942 | |2 ddc |c LI | ||
